<?xml version="1.0" encoding="UTF-8"?><?xml-stylesheet type="text/xsl" href="static/style.xsl"?><OAI-PMH xmlns="http://www.openarchives.org/OAI/2.0/" xmlns:xsi="http://www.w3.org/2001/XMLSchema-instance" xsi:schemaLocation="http://www.openarchives.org/OAI/2.0/ http://www.openarchives.org/OAI/2.0/OAI-PMH.xsd"><responseDate>2026-06-01T10:15:09Z</responseDate><request verb="GetRecord" identifier="oai:riuma.uma.es:10630/26896" metadataPrefix="marc">https://riuma.uma.es/rest/oai/request</request><GetRecord><record><header><identifier>oai:riuma.uma.es:10630/26896</identifier><datestamp>2026-02-03T12:53:28Z</datestamp><setSpec>com_10630_25813</setSpec><setSpec>com_10630_3139</setSpec><setSpec>com_10630_10</setSpec><setSpec>col_10630_25851</setSpec></header><metadata><record xmlns="http://www.loc.gov/MARC21/slim" xmlns:dcterms="http://purl.org/dc/terms/" xmlns:doc="http://www.lyncode.com/xoai" xmlns:xsi="http://www.w3.org/2001/XMLSchema-instance" xsi:schemaLocation="http://www.loc.gov/MARC21/slim http://www.loc.gov/standards/marcxml/schema/MARC21slim.xsd">
   <leader>00925njm 22002777a 4500</leader>
   <datafield ind2=" " ind1=" " tag="042">
      <subfield code="a">dc</subfield>
   </datafield>
   <datafield ind2=" " ind1=" " tag="720">
      <subfield code="a">Ortiz García, Jordi</subfield>
      <subfield code="e">author</subfield>
   </datafield>
   <datafield ind2=" " ind1=" " tag="260">
      <subfield code="c">2020-07-31</subfield>
   </datafield>
   <datafield ind2=" " ind1=" " tag="520">
      <subfield code="a">La alarma social provocada por el auge del juego y las apuestas entre menores, la publicidad de casas de apuestas y la proliferación de estos locales en nuestras ciudades y pueblos ha obligado a las diferentes instituciones españolas a reaccionar, de manera más o menos meditada, mediante la elaboración de normas que regulen -más- el sector del juego. Entre sus objetivos identificamos la minimización de posibles efectos psicológicos y socio-económicos del juego, frenar la participación de la población más vulnerable, regular la publicidad o limitar la apertura de nuevos locales en función de la distancia entre éstos, los centros educativos y otros locales. Una de las primeras Instituciones en tomar medidas ha sido la Junta de Extremadura, a través del Decreto- Ley 1/2019, de 5 de febrero, que regula la distancia mínima obligatoria entre los establecimientos de juego a los centros educativos y la distancia mínima obligatoria entre los propios establecimientos de juego. El objetivo de este trabajo es analizar el grado de cumplimiento de estas medidas en Extremadura, con especial atención a la ciudad de Cáceres.</subfield>
   </datafield>
   <datafield ind1="8" ind2=" " tag="024">
      <subfield code="a">Ortiz García, J. (2020). La distancia, ¿importa? (I): el grado de cumplimiento normativo de la legislación sobre las distancias entre casas de apuestas y centros educativos. Boletín Criminológico, (26). https://doi.org/10.24310/Boletin-criminologico.2020.v26i2020.10085</subfield>
   </datafield>
   <datafield ind1="8" ind2=" " tag="024">
      <subfield code="a">https://hdl.handle.net/10630/26896</subfield>
   </datafield>
   <datafield ind1="8" ind2=" " tag="024">
      <subfield code="a">https://doi.org/10.24310/Boletin-criminologico.2020.v26i2020.10085</subfield>
   </datafield>
   <datafield tag="653" ind2=" " ind1=" ">
      <subfield code="a">Juegos de azar - Derecho - España</subfield>
   </datafield>
   <datafield ind2="0" ind1="0" tag="245">
      <subfield code="a">La distancia, ¿importa? (I): el grado de cumplimiento normativo de la legislación sobre las distancias entre casas de apuestas y centros educativos.</subfield>
   </datafield>
</record>
</metadata></record></GetRecord></OAI-PMH>